Guess the 1960s song lyrics #325 - Statistics

General Stats
  • This quiz has been taken 11 times
  • The average score is 106 of 185
Answer Stats
Answer % Correct
a
100%
you
100%
You
100%
your
100%
I
90%
I'm
90%
in
90%
love
90%
me
90%
no
90%
so
90%
So
90%
with
90%
And
80%
and
80%
had
80%
my
80%
to
80%
all
70%
for
70%
never
70%
the
70%
couldn't
60%
day
60%
forever
60%
good
60%
heart
60%
just
60%
Now
60%
one
60%
saw
60%
see
60%
that
60%
way
60%
We'd
60%
we'd
60%
away
50%
heard
50%
knew
50%
make
50%
night
50%
not
50%
part
50%
said
50%
Sweet
50%
by
40%
choice
40%
did
40%
Goodbye
40%
goodbye
40%
Hello
40%
hello
40%
Hey
40%
hey
40%
horses
40%
Lou
40%
Mary
40%
ooh
40%
stay
40%
voice
40%
wanted
40%
Yes
40%
before
30%
Believe
30%
big
30%
brown
30%
eyes
30%
lips
30%
more
30%
passed
30%
Rick Nelson
30%
sunny
30%
Swear
30%
those
30%
Wild
30%
about
20%
Arms
20%
around
20%
feet
20%
Flashed
20%
gets
20%
ground
20%
meet
20%
moonlit
20%
stuck
20%
That's
20%
though
20%
thought
20%
tight
20%
No matching quizzes found
Score Distribution
Percent of People with Each Score
Percentile by Number Answered
Your Score History
You have not taken this quiz